| 000 | 00391cam a2200181 4500 | ||
|---|---|---|---|
| 001 | D12439 | ||
| 008 | 090401t1932 xxu||||| |||| 00| 0 eng d | ||
| 035 | _a(Sirsi) u3529 | ||
| 041 | _aeng | ||
| 100 | _aColeman, T.E. | ||
| 245 | _aApproximate estimates | ||
| 250 | _a6th | ||
| 260 |
_bE and F N Spon _c1932 |
||
| 350 | _a0 | ||
| 520 | _aShelf 114 | ||
| 942 | _n0 | ||
| 948 | _c04/03/1997 | ||
| 999 |
_c85897 _d85897 |
||